000 00697nas a2200241 4500
001 BR8603524
003 BR-BrBNA
005 20231205090542.0
007 ta
008 230509b bl.|||p| |||| 00| 00por d
040 _aBR-BrBNA
_bpor
_cBiblioteca Nacional de Agricultura
041 _a(Pt)
072 _aL10
100 1 _aNetto, F.A.
245 1 _aPrograma de teste de progenie de reprodutores de racas leiteiras
650 _aPROGENIE
650 _aRACA
650 _aGADO LEITEIRO
650 _aINSEMINACAO
773 0 _tRevista dos Criadores (Brazil)
_xISSN 0034-9259
_g(Aug 1986), v. 56(679) p. 27-30
_wBR8603524
909 _a202311
_bLúcia
_c55
_dLúcia Elande
942 _2AGRIS
_n0
_cANA
999 _c119255
_d119255